000 00624nam a2200253Ia 4500
005 20260123164112.0
008 008 260114s9999 xx 000 0 eng d
020 _a9789354435430
037 _aEBOOK
040 _aCRL
040 _beng
040 _cCRL
041 _2eng
041 _aeng
084 _qCRL
100 _aMUKHOPADHYAY,  PARIMAL
_91105931
245 0 _aTHEORY AND METHODS OF SURVEY SAMPLING - Second Edition
260 _bPHI
260 _c2024
856 _uhttps://elibrary.phindia.com/ebooks/reader/9789354435430du
942 _cEBOOK
999 _c1671054
_d1671054